000 00823nam a22002897a 4500
001 BR7802621
003 BR-BrBNA
005 20230928085558.0
007 ta
008 230509b bl.||||| |||| 00| 0 por d
040 _aBR-BrBNA
_bpor
_cBiblioteca Nacional de Agricultura
041 _a(Por)
072 _aE70; L00
_b/G514
090 _ E70 BR7802621
110 1 _aBanco de Desenvolvimento de Minas Gerais, Belo Horizonte (Brasil)
_91074
245 1 _aEstudo de mercado para o setor de curtumes [comercializacao, Minas Gerais, Brasil]
260 3 _aBelo Horizonte, MG (Brasil):
_c1977.
300 _a69 p.
500 _a28 tables; 26 ref.
650 _aCURTUME
650 _aCOURO
650 _aPELE
650 _aMERCADO
650 _aMINAS GERAIS
909 _a202309
_bLucia
_c55
_dLucia Elande
942 _cBK
999 _c25196
_d25196